书目信息 |
| 题名: |
跟我学电贝司
|
|
| 作者: | 刘建辉 编著 | |
| 分册: | ||
| 出版信息: | 长沙 湖南文艺出版社 1997.07 |
|
| 页数: | 206页 | |
| 开本: | 30cm | |
| 丛书名: | 跟我学系列 | |
| 单 册: | ||
| 中图分类: | J623.9 | |
| 科图分类: | ||
| 主题词: | 器乐--理论 , 器乐--奏法 , 器乐--演奏 | |
| 电子资源: | ||
| ISBN: | 7-5404-2582-2 | |
| 000 | 00683nam0 2200253 45 | |
| 001 | 0301161088 | |
| 005 | 20031219104103.5 | |
| 010 | @a7-5404-2582-2@dCNY23.50 | |
| 100 | @a20030116d1997 km y0chiy0120 ea | |
| 101 | 0 | @achi |
| 105 | @a z 000yy | |
| 200 | 1 | @a跟我学电贝司@AGen Wo Xue Dian Bei Si@f刘建辉编著@FLiu Jian Hui Bian Zhu |
| 205 | @a修订版 | |
| 210 | @a长沙@c湖南文艺出版社@d1997.07 | |
| 215 | @a206页@d30cm | |
| 225 | @a跟我学系列 | |
| 410 | @12001 @a跟我学系列 | |
| 606 | 0 | @a器乐@x理论 |
| 606 | 0 | @a器乐@x奏法 |
| 606 | 0 | @a器乐@x演奏 |
| 690 | @aJ623.9@v4 | |
| 701 | 0 | @a刘建辉@4编著 |
| 801 | @aCN@bTSTC@c20030220 | |
| 905 | @b319434-436@dJ623.9@e108=2@f3 | |
| 跟我学电贝司/刘建辉编著.-修订版.-长沙:湖南文艺出版社,1997.07 |
| 206页;30cm.-(跟我学系列) |
| ISBN 7-5404-2582-2:CNY23.50 |
| ● |
| 相关链接 |
|
|
|
|
正题名:跟我学电贝司
索取号:J623.9/108=2
 
预约/预借
| 序号 | 登录号 | 条形码 | 馆藏地/架位号 | 状态 | 备注 |
| 1 | 0319434 | 203194346 | 第一借阅区/ [索取号:J623.9/108=2] | 在馆 | |
| 2 | 0319435 | 203194355 | 第一借阅区/ [索取号:J623.9/108=2] | 在馆 | |
| 3 | 0319436 | 203194364 | 第一样本阅览室/ [索取号:J623.9/108=2] | 在馆 |